| 000 | 01212nam a22003737a 4500 | ||
|---|---|---|---|
| 001 | BR7807068 | ||
| 003 | BR-BrBNA | ||
| 005 | 20230928085806.0 | ||
| 007 | ta | ||
| 008 | 230509b bl.||||| |||| 00| 0 por d | ||
| 040 |
_aBR-BrBNA _bpor _cBiblioteca Nacional de Agricultura |
||
| 041 | _a(Por) | ||
| 072 |
_aQ10; E10; E70 _b9130 _b1160 _b1116 _b1060 _b1030 _b/G514 |
||
| 090 | _ 9130 BR7807068 | ||
| 110 | 1 |
_aFundacao Instituto de Desenvolvimento Economico e Social do Rio de Janeiro, RJ (Brasil) _94947 |
|
| 245 | 1 | _aOportunidades agroindustriais: localizacao e identificacao; produtos selecionados, caju, goiaba, laranja, limao [industria alimenticia, analise economica, Rio de Janeiro, Brasil] | |
| 260 | 3 |
_aRio de Janeiro, RJ (Brasil): _c1978. |
|
| 300 | _a168 p. | ||
| 500 | _a25 illus.; 30 tables; 42 ref. | ||
| 650 | _aINDUSTRIA AGRICOLA | ||
| 650 | _aCAJU | ||
| 650 | _aGOIABA | ||
| 650 | _aLARANJA | ||
| 650 | _aLIMAO | ||
| 650 | _aESTATISTICA DE PRODUCAO | ||
| 650 | _aCUSTO DE PRODUCAO | ||
| 650 | _aCONSUMO | ||
| 650 | _aMERCADO | ||
| 650 | _aEXPORTACAO | ||
| 650 | _aINDUSTRIA ALIMENTICIA | ||
| 650 | _aRIO DE JANEIRO | ||
| 909 |
_a202309 _bLucia _c55 _dLucia Elande |
||
| 942 | _cBK | ||
| 999 |
_c26361 _d26361 |
||